000
00202nam a2200073Ia 4500
008
170817s9999 xx 000 0 und d
100
_a
Bhatia.K.K
245
0
_a
Principles And Practice Of School Managment
260
_b
Tandon Pub Ludhiana
999
_c
38826
_d
38826